000 00854cam a22002777a 4500
001 16162604
003 OSt
005 20150804141937.0
008 100330s2011 caua b 001 0 eng d
010 _a 2010925784
020 _a9780495811190 (pbk.)
020 _a049581119X (pbk.)
035 _a(OCoLC)ocn679658874
040 _aSEKU
042 _alccopycat
050 0 0 _aQ 180.55 .P7
_bJ3 2011
100 1 _aJackson, Sherri L.,
_d1962-
245 1 0 _aResearch methods :
_ba modular approach
_cSherri L. Jackson.
250 _a2nd ed.
260 _aBelmont, CA :
_bWadsworth/Cengage Learning,
_cc2011.
300 _axxiii, 439 p. :
_bill. ;
_c24 cm.
504 _aIncludes bibliographical references (p. 427-428) and index.
650 0 _aResearch
_xPsychological aspects.
650 0 _aResearch
_xStudy and teaching (Higher)
942 _2lcc
_cGEN
999 _c8242
_d8242